[Event "Munich SKA"]
[Site "Munich"]
[Date "1993.??.??"]
[Round "11"]
[White "Lautier, Joel"]
[Black "Bareev, Evgeny"]
[Result "0-1"]
[WhiteElo "2645"]
[BlackElo "2670"]
[Annotator "Bareev,E"]
[PlyCount "96"]
[EventDate "1993.05.??"]
[EventType "tourn"]
[EventRounds "11"]
[EventCountry "GER"]
[EventCategory "16"]
[SourceTitle "CBM 036"]
[Source "ChessBase"]
[SourceDate "1993.10.01"]
[SourceVersion "1"]
[SourceVersionDate "1993.10.01"]
[SourceQuality "1"]

1. Nf3 f5 2. d4 Nf6 3. g3 g6 4. Bg2 Bg7 5. O-O O-O 6. b3 d6 7. Bb2 Ng4 $6 (7...
Qe8 $1) 8. Nbd2 (8. c4 $6 Nc6 {/\ e5}) 8... Nc6 9. Nc4 d5 (9... e5 10. h3) 10.
Ncd2 e5 $6 (10... e6 11. c4 a5 $14) 11. h3 e4 12. hxg4 exf3 13. Nxf3 fxg4 14.
Ne5 $2 (14. Ne1 $1 {/\ Nd3-f4, c2-c4+/-}) 14... Nxe5 15. dxe5 c6 16. f4 gxf3
17. exf3 g5 18. Qd2 (18. f4 gxf4 19. gxf4 Qh4 {/\ Bh6}) 18... Be6 19. Rae1 Rf7
$6 (19... Qe7 $1 20. Bc1 h6 21. f4 gxf4 22. gxf4 Rf7 $10) 20. Ba3 $1 (20. Bc1
h6 21. f4 gxf4 22. gxf4 Qe7) 20... h5 $6 (20... Kh8 {/\ h6, Qd7, Rg8}) 21. Qd3
(21. Bc1 g4 22. fxg4 Rxf1+ 23. Bxf1 Bxg4 24. c4 d4 25. Ba3 $16) 21... h4 22.
Qg6 $2 (22. g4 $1 Qb6+ 23. Rf2 Qa6 24. Qxa6 bxa6 25. Bc1 Bh6 $16) 22... Bf5 23.
Qh5 hxg3 $2 (23... Bf8 24. Bxf8 Rh7 25. Bh6 $1) (23... Bxe5 $1 24. Rxe5 Rh7 25.
g4 Rxh5 26. gxh5 $15) 24. Bh3 $1 Qe8 $1 25. Kg2 Bxh3+ 26. Qxh3 Rf4 27. Qxg3 Qg6
28. Bc1 (28. e6 Re8 29. e7 Qxc2+ 30. Rf2 $16) 28... Rf5 29. Rf2 $2 (29. e6 $1)
29... Re8 30. f4 Re6 31. Ref1 $2 (31. fxg5 Rexe5 32. Rxf5 Qxf5 33. Rxe5 Bxe5
34. Qd3 $10) 31... gxf4 32. Bxf4 Qe8 $6 (32... Rxf4 33. Rxf4 Qxg3+ 34. Kxg3
Bxe5 $15) 33. Qh3 $2 Rh5 34. Qd3 Rg6+ 35. Bg3 Rhg5 36. Rf3 Bxe5 37. Re1 Qb8 38.
Ree3 Bxg3 39. Rxg3 Rxg3+ 40. Rxg3 Qxg3+ 41. Qxg3 Kf7 42. Kf3 Rxg3+ 43. Kxg3 Kf6
44. Kf4 c5 45. Ke3 (45. c4 d4 46. b4 cxb4 47. Ke4 d3 48. Kxd3 Ke5 $19) 45...
Ke5 46. Kd3 b5 47. Ke3 b4 48. Kd3 Kf4 0-1

[Event "Interzonal-16"]
[Site "Biel"]
[Date "1993.??.??"]
[Round "4"]
[White "Bareev, Evgeny"]
[Black "Sokolov, Ivan"]
[Result "1-0"]
[WhiteElo "2660"]
[BlackElo "2640"]
[Annotator "Bareev,E"]
[PlyCount "61"]
[EventDate "1993.07.16"]
[EventType "swiss"]
[EventRounds "13"]
[EventCountry "SUI"]
[SourceTitle "CBM 037"]
[Source "ChessBase"]
[SourceDate "1993.12.01"]
[SourceVersion "1"]
[SourceVersionDate "1993.12.01"]
[SourceQuality "1"]

1. d4 Nf6 2. c4 g6 3. Nc3 Bg7 4. e4 d6 5. Be2 O-O 6. Bg5 Na6 7. Qd2 c5 $6 8. d5
e6 9. Nf3 exd5 10. exd5 Re8 (10... Bg4 $14) 11. O-O Qb6 12. Bd3 $1 (12. Rae1
Ne4 13. Bd3 Bxc3 14. bxc3 Nxd2 15. Rxe8+ Kg7 16. Nxd2 Nc7 17. Re7 Bf5 18. Bxf5
gxf5 19. Rfe1 $146) 12... Bd7 (12... Bg4 13. Nh4 $14) 13. h3 Nb4 14. Bb1 h5 (
14... Qa6 15. a3 Qxc4 16. axb4 cxb4 17. Nd1 Bb5 18. Re1 $16) 15. a3 Na6 16. Bd3
Nh7 17. Bf4 f5 18. Nb5 $16 Bxb5 19. cxb5 Nc7 20. a4 a5 21. Nh4 Kf7 22. Rae1 $1
Nf8 (22... Rxe1 23. Rxe1 Re8 24. Rxe8 Nxe8 25. Qe2 $18) 23. Bxf5 gxf5 24. Qd1
$1 Kg8 25. Nxf5 Rxe1 (25... Ng6 26. Qxh5 Nxf4 27. Qg5 $18) 26. Rxe1 Re8 27.
Bxd6 (27. Ne7+ Rxe7 28. Rxe7 Ng6 29. Re4 $16) 27... Rxe1+ 28. Qxe1 Nxd5 29. Qe4
Nc7 (29... Nf6 30. Qc4+ Kh8 31. Qf7 $18) 30. Qe7 Nce6 31. Nxg7 1-0

[Event "Linares 12th"]
[Site "Linares"]
[Date "1994.??.??"]
[Round "3"]
[White "Bareev, Evgeny"]
[Black "Shirov, Alexei"]
[Result "1-0"]
[WhiteElo "2685"]
[BlackElo "2705"]
[Annotator "Anand,V"]
[PlyCount "79"]
[EventDate "1994.02.??"]
[EventType "tourn"]
[EventRounds "13"]
[EventCountry "ESP"]
[EventCategory "18"]
[SourceTitle "CBM 040"]
[Source "ChessBase"]
[SourceDate "1994.06.01"]
[SourceVersion "1"]
[SourceVersionDate "1994.06.01"]
[SourceQuality "1"]

1. d4 {Ftacnik Kharitonov Chekhov} d5 2. c4 c6 3. Nf3 Nf6 4. Nc3 e6 5. e3 Nbd7
6. Bd3 {The main line. After taking a backseat to 6.Qc2 for a while White
players are coming back to this move} dxc4 7. Bxc4 b5 8. Bd3 Bb7 9. e4 b4 10.
Na4 c5 11. e5 Nd5 12. dxc5 (12. O-O $5 {Chekhov}) 12... Nxc5 (12... Qa5 {
Chekhov} 13. O-O Bxc5 14. a3 Be7 15. Bd2 O-O 16. Be4 {Hansen,Cu-Gurevich,M/
Taapsrtup/1992/1:0 (70) Inf 54/435/}) (12... Bxc5 {Chekhov} 13. Nxc5 Nxc5 14.
Bb5+ Ke7 $5 15. Qd4 Qb6 {Razuvaev,Y-Kaidanov,G/Protvino/1988/ Inf 46/569/}) (
12... Rc8 $5 {Chekhov} 13. O-O Nxc5 14. Bb5+ Nd7 15. Bg5 Be7 16. Bxe7 Qxe7 17.
Qd4 O-O $1 $8 18. Qxa7 Bc6 19. Bxc6 Rxc6 20. Qd4 Rfc8 $132 {Piket,J-Kaidanov,G/
Can Pisafort/1991/0,5 (25) Inf 53/426/}) 13. Nxc5 (13. Bb5+ Nd7 14. Bg5 {
was thought to be good for white but Shirov revived the variation with ...} Qa5
15. Nd4 Ba6 $1 16. Bxd7+ Kxd7 {Hansen-Shirov Biel 1992}) 13... Bxc5 14. O-O (
14. Bb5+ {Kharitonov} Ke7 15. Bg5+ f6 16. exf6+ gxf6 $13) 14... h6 15. Nd2 (15.
Bb5+ {Kharitonov} Ke7 {/\Qb6,Rac8,Rfd8/}) 15... O-O (15... Ne3 $2 {Chekhov} 16.
Bb5+ Kf8 17. fxe3 Bxe3+ 18. Kh1 Qd5 19. Nf3 $18) (15... Nf4 {Chekhov} 16. Be4
$14) (15... Nc3 $5 {Chekhov} 16. Qc2 Qd5 17. Nf3 Rd8 18. Ne1 Bd4 19. Bd2 $1 Nb5
20. Bxb4 Bxe5 {Magerramov,E-Bagirov,V/SSSR/1976/0:1 (55) Inf 21/487/} 21. Bc4
$5 Qc6 (21... Nd4 $1 {Kharitonov} 22. Qd3 (22. Bxd5 Nxc2 23. Bxb7 Nxb4) 22...
Qc6 23. Kh1 Qb6 24. Ba3 Bd6 $15 {Miannik-Najvelt/corr/1989/0:1 (51)/}) 22. Qe2
Nd4 23. Qxe5 Qxc4 24. Qxg7 Qxb4 (24... Ne2+ 25. Kh1 Ng3+ 26. hxg3 Qxf1+ 27. Kh2
$16) 25. Qxh8+ Ke7 26. Qxh6 Ba6 $14 {Bagirov/}) 16. Ne4 Bd4 17. Nd6 Bxe5 $5 (
17... Bc6 {is the "theory" but I take it that Bareev had something prepared
against it.}) (17... Bc6 $5 {Chekhov} 18. Qe2 (18. Bh7+ {Kharitonov} Kxh7 19.
Qxd4 f6 20. Bd2 fxe5 21. Qe4+ Kg8 22. Qxe5 Qd7 23. Rfe1 Rad8 24. Ne4 (24. Nc4
$5 Bb5 25. b3 Rf6 $14) 24... Rf5 25. Qg3 Nf6 26. Nxf6+ Rxf6 27. Bxb4 Kh7 28.
Qc3 Rg6 {Tukmakov,V-Dreev,A/Odessa(ch)/1989/0,5 (28)/}) 18... f5 19. Rd1 Qe7 (
19... Bc5 $5) 20. Ba6 $1 {Korchnoi,V-Gurevich,M/Antwerpen/1:0 (49) Inf 58/487/}
Bb6 (20... Bc5 $6 21. Bd2 Ba4 22. b3 Bd7 23. Bb7 $16 {Korchnoi,V-Gurevich,M/
Antwerpen/1993/1:0 (49) Inf 58/487/}) 21. Bd2 Rad8 22. Rac1 Ba8 $14 {Gurevich/}
) 18. Nxb7 Qb6 (18... Qc7 {Kharitonov} 19. Ba6 Qb6 20. Qe2 Bf6 21. Qb5 $18) 19.
Qh5 $1 (19. Qe2 {Kharitonov} Bd4 20. Ba6 Nc7) 19... Bf4 (19... Bd4 {Chekhov}
20. Bxh6 $1 $40) (19... Bc7 {Kharitonov} 20. Bxh6 gxh6 21. Qxh6 f5 22. Rac1
Qxb7 23. Qxe6+ Kh8 (23... Kg7 {Ftacnik} 24. Ba6 $18) 24. Ba6 Qb6 25. Qxd5 Qxa6
26. Rxc7 $18) (19... Bf6 $5 {Ftacnik} 20. Bxh6 Rfc8 21. Be3 $1 (21. Bg5 Bxg5
22. Qxg5 Qxb7 $13) 21... Qxb7 (21... Nxe3 22. Qh7+ Kf8 23. fxe3 Qxb7 24. Be4
$16) 22. Qh7+ Kf8 23. Be4 $16) 20. Nc5 $1 (20. Na5 {Ftacnik} Bxc1 21. Nc4 Qd4
22. Rd1 Bxb2 23. Bh7+ Kxh7 24. Rxd4 Bxd4 $17) 20... Qxc5 (20... Nf6 {Kharitonov
} 21. Qf3 Bxc1 22. Raxc1 $18) 21. Bxf4 Qd4 22. Bd6 (22. Bxh6 {Ftacnik} Qxd3 23.
Qg4 Qh7 $13) 22... Qxd3 (22... Rfd8 {Chekhov} 23. Rad1 $18 (23. Rfd1 {
Kharitonov} Nf6 24. Qe2 $18)) 23. Bxf8 Rxf8 {Black has some compensation but I
don't see many people wanting to repeat this} 24. Qe5 Rc8 (24... Rd8 $5 {
Chekhov}) 25. Rfc1 (25. Rac1 $5 {Ftacnik} Rc4 26. Rfd1 $140 Nf4 $1) 25... Rd8 (
25... Rxc1+ {Ftacnik} 26. Rxc1 Qd2 27. Rc8+ Kh7 28. h3 $16) 26. h3 Kh7 27. Re1
(27. Rc6 $5 {Chekhov /\ Rac1}) (27. Rc5 $5 {Kharitonov}) (27. a3 {Ftacnik} bxa3
28. Rxa3 Qd2 $132) 27... Qc4 (27... a5 $5 {Chekhov}) 28. Rac1 (28. Qe4+ {
Chekhov} Qxe4 29. Rxe4 Rc8 {/\ Rc2}) 28... Qxa2 $2 (28... Qa6 $1 29. Qe4+ Kg8
30. Qc4 Qa5 $16) (28... Qb5 {Kharitonov} 29. Re4 {/\ Rec4}) 29. Ra1 Qb3 (29...
Qc4 {Ftacnik} 30. Rxa7 Kg8 31. Rea1 Qc6 $14) 30. Rxa7 Kg8 31. Qd4 $1 Re8 (31...
Qc2 {Ftacnik} 32. Rxe6 $1) 32. Re2 Rc8 (32... Rf8 $5 33. Rxe6 Nc3 34. Re1 Qxb2
35. Kh2 $16) (32... g5 $5 {Chekhov}) (32... Nf6 {Kharitonov} 33. Re3 Qc2 34.
Qxb4 Nd5 35. Qb5 $18) (32... Kf8 {Ftacnik} 33. Kh2 Kg8 34. f4 $18) 33. Rxe6 Nc3
34. Rae7 $1 (34. Ree7 $2 {Kharitonov} Nb5) (34. Re3 $5 {Ftacnik}) 34... Qxb2
35. Re8+ Rxe8 36. Rxe8+ Kh7 37. Qd3+ g6 38. Qc4 $1 Qb1+ (38... Kg7 {Chekhov}
39. Qd4+ $18) (38... Qa2 {Ftacnik} 39. Qxb4 $18) 39. Kh2 Qf5 40. Qd4 (40. Qd4 {
Chekhov} f6 (40... g5 {Ftacnik} 41. Rh8+ Kg6 42. Rg8+) 41. Qa7+) 1-0

[Event "Tilburg"]
[Site "Tilburg"]
[Date "1994.??.??"]
[Round "5"]
[White "Dreev, Alexey"]
[Black "Bareev, Evgeny"]
[Result "0-1"]
[WhiteElo "2650"]
[BlackElo "2675"]
[Annotator "Bareev,E"]
[PlyCount "82"]
[EventDate "1994.09.??"]
[EventType "k.o."]
[EventRounds "7"]
[EventCountry "NED"]
[SourceTitle "CBM 044"]
[Source "ChessBase"]
[SourceDate "1995.02.01"]
[SourceVersion "1"]
[SourceVersionDate "1995.02.01"]
[SourceQuality "1"]

1. d4 {Stohl} Nf6 2. c4 c5 3. d5 b5 4. cxb5 a6 5. Nc3 axb5 6. e4 b4 7. Nb5 d6
8. Bf4 Nxe4 (8... g5) 9. Qe2 (9. Bd3 g5 (9... Nf6 10. Qe2 Ra6 11. Nxd6+ Rxd6
12. Bb5+ $16) 10. Be3 Qb6 (10... Nf6 {Stohl} 11. Bxg5 Bg7 12. Ne2 Nbd7 13. O-O
Ne5 14. Ng3 $5 Qb6 15. a4 Rg8 16. Re1 Kf8 17. Bf5 Bb7 18. f4 Ng6 19. Qe2 Qd8
20. Ne4 $40 {Galliamova,A-Cramling,P/Tilburg ctW/1994/}) (10... Qa5 {Stohl} 11.
Qe2 f5 12. f3 b3+ 13. Kf1 f4 14. Bxf4 (14. Bc1 $1 Qxa2 15. Rb1 $16) 14... gxf4
15. Qxe4 Kd8 16. a4 Nd7 17. Ne2 Qd2 18. Kf2 Ne5 19. Rhd1 Qxb2 20. Rab1 Nxd3+
21. Qxd3 Qc2 $15 {Tourneur,J-Grimberg,G/Paris-ch/1993/}) 11. Qe2 Bd7 12. Nf3
Bg7 13. O-O h6 $13) 9... g5 10. Be5 $1 (10. Qxe4 gxf4 11. Bc4 Qb6 (11... Bg7 {
Stohl} 12. O-O-O Ra6 13. Ne2 Nd7 14. Nxf4 Ne5 15. Nh5 Bh6+ 16. f4 Nxc4 17. Qxc4
Bg4 18. Rd3 Bxh5 19. Rh3 Rxa2 20. Qxa2 Bxf4+ 21. Kc2 Bg6+ 22. Kd1 O-O $19 {
Arakelian,E-Sivokho,S/Nab.Chelni/1988/}) 12. Ne2 Bd7 13. a4 Bxb5 14. Bxb5+ Qxb5
15. axb5 Rxa1+ 16. Kd2 Rxh1 $19) (10. Bc1 Nf6 11. Bxg5 Bg7 $15) 10... dxe5 11.
Qxe4 Bg7 12. d6 (12. Bc4 Ra5 13. Nf3 Qb6 14. a4 bxa3 15. Nxa3 Qb4+ 16. Kf1 $13)
(12. Nf3 Nd7 13. Nxg5 Bb7 $5 $13) 12... Ra5 13. Rd1 $1 (13. Nc7+ Kf8 14. dxe7+
Qxe7 15. Nd5 Qb7 16. Bc4 Be6 $15) 13... O-O 14. Nf3 $1 (14. Bd3 f5 15. Qc4+ e6
$17) (14. Bc4 $5 $132 {Stohl}) 14... Nd7 $3 (14... e6 15. h4 gxh4 (15... f5 {
Stohl} 16. Qc4 gxh4 $13) 16. Nxe5) (14... f5 15. Qc4+ e6 16. h4 (16. Nc7 {Stohl
} Qf6 $13) 16... g4 (16... gxh4 17. Nc7) (16... Bd7 17. Nc7) (16... Rxb5 17.
Qxb5 g4 18. Qxb8) 17. Ng5 $36) 15. Nxg5 Nf6 16. Qh4 (16. Qxe5 exd6 17. Nxd6 (
17. Qxd6 {Stohl} Qe8+ $19) 17... c4 $1 18. Qf4 Nh5) 16... e6 17. d7 $2 (17. Bc4
b3 $1 18. axb3 $140 Rxb5 19. Bxb5 Qa5+) (17. Bd3 $1 h6 18. Ne4 Nd5 (18... Nxe4
19. Qxe4 f5 20. Qc4) (18... Nd7 19. Qg3 f5 20. Nc7 $13) 19. Qxd8 Rxd8 20. Nxc5
e4 (20... Rxa2) (20... Rxa2 $13 {Stohl}) 21. Bc4 Nb6 22. Be2 Nd7 23. Nxe4 Bb7 (
23... Ba6 24. Nc7 Bxe2 25. Kxe2 Re5 26. Kf3 $14) 24. f3 Rxa2 $10) 17... Bxd7
18. Nd6 h6 19. Ngxf7 $5 (19. Nf3 Nd5 $17) 19... Rxf7 20. Nxf7 (20. Bc4 Rf8 21.
Nb7 Qb6 22. Nxa5 Qxa5 23. O-O (23. Rxd7 $2 Nxd7 24. Bxe6+ Kh8 25. Bxd7 b3+ $19)
) 20... Kxf7 21. Bc4 Qc7 $1 (21... Qe7 22. O-O Nd5 (22... Bb5 $1 $15) (22...
Bb5 $15 {Stohl}) 23. Qe4 Bc6 (23... Kg8 24. f4 Nxf4 25. Rxf4 exf4 26. Rxd7 $18)
24. f4 exf4 25. Rxf4+ Nxf4 26. Qxc6 $44) 22. f4 (22. O-O Bb5 23. Bxb5 Rxb5 24.
Qc4 Ra5 {/\ Nd5-/+}) 22... exf4 (22... Bb5 {Stohl} 23. f5 $1 $44) 23. O-O Bb5
$1 24. Bxb5 Rxb5 25. Rxf4 Qe7 (25... Rb6 26. Rdf1 Qe7 27. Rxf6+ Bxf6 28. Qxh6
e5 29. g4) (25... Rb8 26. Qg3) 26. Qg3 (26. Rdf1 Rb8 $1 27. Qg3 Rf8 28. Rg4 Kg8
29. Rg6 Kh7 30. Qd3 Kh8 $15) 26... Rb6 $1 27. Rdf1 e5 $1 28. Rf5 Re6 29. Qb3
Kg6 (29... e4 $2 30. Qc4 (30. Re5 $2 Qd6 31. Rd5 Qc7) 30... e3 (30... Kg6 $5
$36 {Stohl}) 31. Rxc5 $13) 30. Qc2 e4 $1 31. Rxc5 (31. Qxc5 Qxc5+ 32. Rxc5 Ng4
33. Rd1 e3 34. Rcd5 e2 35. Re1 Bxb2 $17 (35... Bxb2 {Stohl} 36. Rd2 Bc3 37.
Rdxe2 Bd4+ 38. Kh1 Nf2+ 39. Kg1 Rf6 $1 $19 {/\Nd3})) 31... Ng4 32. Rd5 (32. Rc6
Rxc6 (32... Kh7 33. Rxe6 Qxe6 34. Qe2) 33. Qxc6+ Kh7 34. Kh1 (34. Rf4 {Stohl}
Bd4+ 35. Kf1 Nf6 $17) 34... Nxh2 $1 35. Rf4 Nf1 $1 36. Rg4 Qe5 37. Kg1 Nd2 $19)
32... Kh7 $1 (32... Ne3 33. Qf2 Nxd5 $4 (33... Qa7 {Stohl} 34. Re1 $1 Qxa2 35.
Rd7 Nf5 36. g4 Ne7 37. Rxe7 $1 $18 {/\Qf5#}) 34. Qf5#) 33. Qa4 (33. Qe2 Qa7+
34. Kh1 Ne3 35. Qf2 Rf6 $19) 33... Ne3 34. Rd7 Qc5 35. Rff7 Nxg2+ $6 (35...
Ng4+ 36. Kf1 Rf6+ (36... Qc1+ 37. Ke2 Qxb2+ (37... Qe3+ 38. Kd1 Qg1+ 39. Kc2)
38. Rd2 Qc3 39. Qd7) 37. Rxf6 Nxf6 $19) 36. Kh1 $1 (36. Kxg2 Rg6+ 37. Kf1 Qg1+
38. Ke2 Rg2+) 36... Qc1+ (36... Rg6 37. Rxg7+ Rxg7 38. Rxg7+ Kxg7 39. Kxg2 $10)
37. Rd1 (37. Qd1 Qxd1+ 38. Rxd1 Nh4 39. Rg1 (39. Rdd7 Rg6 {/\ Nf3}) 39... Ng6
40. Rb7 e3 41. Rxb4 e2 42. Re1 Bf6 $19) 37... Qxb2 38. Qd7 $2 (38. Rxg7+ Qxg7 (
38... Kxg7 39. Qd7+ Kf6 40. Rf1+ $18) 39. Rd7 Re7 40. Rxe7 Qxe7 41. Kxg2 $17)
38... Rg6 39. Rg1 Qe5 $2 (39... Nh4 $19) (39... e3 $1 $19) 40. Rf5 $2 (40. Rxg2
$2 Qa1+) (40. Re7 Qf4 (40... Qc3 $2 41. Qf5 e3 42. Re6 Nh4 43. Qb1) 41. Rf7 Qg5
42. Qb7 (42. Qe7 Qe3 43. Qd7 $13 (43. Qxb4 Nf4 $1)) 42... Qh4 (42... Qe3 43.
Qd7 {/\ Qf5}) 43. Qxb4 $1 (43. Re7 e3 $1) 43... Ne3 44. Rxg7+ $10) 40... Qc3
41. Qe6 $4 (41. Rf7 e3 $19 (41... e3 {Stohl} 42. Re7 Nf4 $19)) 41... Rxe6 0-1

[Event "Leon"]
[Site "Leon"]
[Date "1995.??.??"]
[Round "2"]
[White "Bareev, Evgeny"]
[Black "Akopian, Vladimir Eduardovic"]
[Result "1-0"]
[WhiteElo "2675"]
[BlackElo "2655"]
[Annotator "Bareev,E"]
[PlyCount "69"]
[EventDate "1995.05.??"]
[EventType "tourn"]
[EventRounds "9"]
[EventCountry "ESP"]
[EventCategory "14"]
[SourceTitle "CBM 048"]
[Source "ChessBase"]
[SourceDate "1995.10.01"]
[SourceVersion "1"]
[SourceVersionDate "1995.10.01"]
[SourceQuality "1"]

1. d4 {Ftacnik Franco,Z} d5 2. c4 c6 3. Nc3 Nf6 4. e3 e6 5. Nf3 Nbd7 6. Bd3
dxc4 7. Bxc4 b5 8. Bd3 Bb7 9. a3 b4 10. Ne4 Nxe4 11. Bxe4 bxa3 12. bxa3 (12.
O-O {Ftacnik} axb2 13. Bxb2 Nf6 14. Bd3 Be7 15. Qb1 Rb8 16. Rxa7 Qb6 17. Qa2
O-O 18. Rb1 Ra8 $10 {Ivanchuk,V-Kramnik,V (01)/New York PCA 25' (3)/1994/0.5 
(25)}) 12... Qc7 (12... Bd6 {Ftacnik} 13. Bd2 Rb8 14. Qa4 c5 15. Bxb7 Rxb7 16.
dxc5 Bxc5 17. Ba5 Qb8 18. Rd1 O-O {0.5/Karpov,An-Kramnik,V/Dortmund (02)/1995/}
) 13. O-O (13. Qc2 {Ftacnik} h6 14. Bd2 Bd6 15. Bb4 O-O 16. Bxd6 (16. Nd2 $5)
16... Qxd6 17. Nd2 (17. O-O f5 18. Bd3 c5) 17... Rab8 18. O-O c5 19. Bxb7 {
0.5/Vyzmanavin,A-Morovic Fernandez,I/Leon/1993/} Rxb7 20. Ne4 Qd5 21. dxc5 Nxc5
22. Nxc5 Rc7 $10) 13... Bd6 14. Bb2 $1 {x "c" x "c"} (14. Rb1 {Ftacnik} O-O 15.
Qc2 h6 16. Bd2 Rab8 17. Bb4 c5 18. dxc5 Bxe4 19. Qxe4 Nxc5 20. Qg4 Nd3 21. Bxd6
Qxd6 22. Qa4 Qc5 23. Nd4 Rfc8 $10 {Gelfand,B-Bareev,E/Linares (01)/1993/0.5 
(29)}) 14... O-O {[%csl Yg7,Yh7,Rc6] Ftacnik Due to the weakness on c6 white
can even dream about attack against kingside.} 15. Rc1 Nf6 $6 (15... Rac8 $5) (
15... Rfd8 $5) (15... Rab8 {Ftacnik} 16. d5 $1 exd5 (16... Nc5 17. Bxh7+ Kxh7
18. Ng5+ Kh6 (18... Kg8 19. Qh5 Rfc8 20. Qh7+ Kf8 21. Bxg7+ $18) 19. Qg4 Bxh2+
20. Kh1 Be5 21. Rxc5 Bxb2 22. d6 $1 Qxd6 23. Nxf7+ Rxf7 24. Qh5#) 17. Bxh7+
Kxh7 18. Ng5+ Kh6 19. Qg4 Bxh2+ 20. Kh1 Nf6 21. Bxf6 gxf6 22. Qh4+ Kg6 23. Qh7+
Kxg5 24. f4+ Bxf4 25. exf4+ Qxf4 26. Qg7+ $18) 16. Bd3 (16. Bb1 Ba6 17. Re1
Rab8 $10) 16... Qe7 17. e4 $5 (17. Qa4 $1) 17... Bf4 (17... Bxa3 18. e5 (18.
Bxa3 {Franco,Z} Qxa3 19. e5 (19. Rc5 {Ftacnik} Ba6 20. Bxa6 Qxa6 21. Qc2 $14)
19... Nd7 (19... Nd5 20. Ng5 h6 21. Ne4 $14) 20. Bxh7+ Kxh7 21. Ng5+ Kg8 22.
Rb1 $5 {/\ Rb3} (22. Qh5 $2 Qd3) 22... Ba6 23. Rb3 Qxb3 24. Qxb3 Bxf1 $13)
18... Bxb2 (18... Nd7 19. Bxh7+ Kxh7 (19... Kh8 20. Bxa3 Qxa3 21. Be4 $16) 20.
Qd3+ Kg8 21. Bxa3 c5 22. Rxc5 (22. dxc5 Bxf3 23. Qxf3 Nxe5 24. Qe4 Ng6 25. Rc3
Rfd8 26. c6 Qc7 $10) (22. Rc3 $1 Rfd8 (22... Bxf3 23. Qxf3 Qg5 24. Qe4 $16) 23.
Rfc1 $14 Rac8 24. h3) 22... Nxc5 23. Bxc5 Qd8 $1 24. Bxf8 Kxf8 $44) 19. exf6
gxf6 20. Rb1 Ba3 21. Re1 $1 {Akopian} (21. Ne5 f5 $1 (21... fxe5 22. Bxh7+ Kg7
23. Qg4+ Kxh7 (23... Kh8 24. Qh5 f6 25. Bf5+ (25. Bg6+ Kg8 26. Rb3 $18) 25...
Kg8 26. Qg4+ Qg7 27. Bxe6+ Kh8 28. Qh3+ Qh7 29. Qxa3) 24. Qh5+ Kg7 25. Qg4+ Kf6
(25... Kh7 26. Rb3 $18) 26. f4 $1 $18) 22. Qh5 f6 23. Nc4 Bb4) (21. Rb3 f5 22.
Bxf5 exf5 23. Re1 Qf6 $13) 21... Bb4 (21... Bd6 22. Nh4 {/\Qh5}) (21... Rfb8 $1
22. Nh4 (22. d5 $1 c5 (22... Bc8 23. Rxb8 Rxb8 24. Nd4 Qf8 (24... Rb6 25. Qh5
Kf8 26. Nxc6 Qc5 (26... Qd6 27. Qxh7 Ke8 28. Nxa7 Bd7 29. dxe6 Bxe6 30. Nc8 Qb4
31. Qg8+ $18) 27. Qxh7 Ke8 28. dxe6 $18) 25. Re3 (25. Qf3 $1 f5 $2 (25... Kh8
$2 26. Bxh7 (26. Qe4 Qg7 27. Nxc6 $44) (26. Nxc6 $1 Rb7 27. Qxf6+ Qg7 28. Qd8+
Qf8 29. Qh4 Qg7 30. Ba6 Qc3 31. Rf1 $18) 26... Kxh7 27. Nxc6 Rb7) (25... Bd6
26. Nxc6 Rb6 27. Qxf6 $16 exd5 28. Qg5+ Kh8 29. Qh5 $18) (25... Qg7 26. Nxc6
Rb6 27. Bxh7+ $18) 26. Qg3+) 25... Bd6 $13) 23. Nh4 Bxd5 (23... Qf8 24. Bxh7+ (
24. Qh5 $1 f5 25. Bxf5 exf5 26. Nxf5 $18) 24... Kxh7 25. Qd3+ f5 26. Qxa3 Bxd5)
24. Qh5 Kf8 25. Qxh7 (25. Rbd1 Bb4 26. Nf5 $18) 25... Ke8) 22... Bc8 (22... Qf8
$2 23. Rb3 Bb4 24. Bxh7+ Kxh7 25. Qb1+) 23. Nf5 $6 (23. Qh5 Kf8 24. Qxh7 $1 (
24. Nf5 Rxb1 25. Bxb1 exf5 $2 (25... Qb4 $1) 26. Rxe7 Kxe7) 24... Ke8 25. Be4
Bd7 26. Rbd1 $44) 23... Qf8) 22. Nh4 Bxe1 23. Bxh7+ (23. Qg4+ $1 Kh8 24. Nf5
Rg8 25. Qxg8+ Kxg8 26. Nxe7+ Kf8 27. Rxb7 $18) 23... Kxh7 24. Qh5+ Kg7 25. Rb3
$2 (25. Qg4+ Kh8 (25... Kh6 26. Rb3 Rg8 27. Nf5+ $18) (25... Kh7 26. Nf5 exf5
27. Qxf5+ Kh6 28. Qh3+ $10 (28. Rb3 Rg8 $19)) 26. Qh5+ $10) 25... Qd6 (25...
Rg8 26. Rg3+ Kf8 27. Qh6+ Ke8 28. Rxg8+ Kd7 $19) 26. Qg4+ Kh7 27. Rh3 $18) 18.
Rc2 Rac8 (18... c5 19. dxc5 Rad8 20. c6 Ba6 21. Bxa6 Rxd1 22. Rxd1 $16) 19. Qb1
$1 {x "b", x h7. x "b", x h7.} Rfd8 (19... c5 20. Rxc5 Rxc5 21. dxc5 $18) 20.
e5 {Purely agressive move in order to expell the defender Nf6.} Nd7 (20... Nd5
21. g3 (21. Rc5 $1 g6 22. Bc1 Bxc1 23. Rfxc1 $16) (21. Rc5 $16 {Ftacnik}) 21...
Bh6 22. Rc5 g6 23. Bc1 Bf8 24. Bg5 Qd7 25. Bxd8 Bxc5) 21. Bc1 $1 {[%cal Yd3h7]
Unusual motive of clearing b1-h7 diagonal for the attack.} Bxc1 22. Bxh7+ $1
Kh8 (22... Kxh7 $1 23. Rcxc1+ Kg8 24. Qxb7 Qxa3 25. Ra1 (25. Rxc6 Rxc6 26. Qxc6
Nb6 $44) 25... Qd3 26. Qxa7 c5 27. Rfd1 $14) 23. Rfxc1 (23. Rcxc1 Rb8 24. Bd3
Qxa3) 23... Ba6 (23... Rb8 24. Be4 Qxa3 25. Ra2 $18) 24. Be4 c5 25. dxc5 Rxc5 (
25... Nxc5 26. Qb4 $18) 26. Rxc5 Nxc5 27. Qb4 $1 Rc8 (27... Qd7 28. Rxc5 Qd1+
29. Ne1 Qe2 30. h4 Rd1 31. Rc8+ $18) 28. h4 g6 29. Ng5 Kg7 30. Rc3 $1 (30. Bxg6
Kxg6 31. Qg4 Kh6) 30... Rc7 31. Bxg6 $1 {[%csl Re6,Rg7] Ftacnik Black is given
a choice, either e6 square or the K will suffer.} Kxg6 (31... fxg6 32. Rxc5
Rxc5 33. Qxc5 (33. Qxc5 {Ftacnik} Qxc5 34. Nxe6+ Kf7 35. Nxc5 $18)) 32. Qg4 (
32. Rg3 Kf5 $1 33. Nf3 Ne4) 32... Kh6 (32... f5 33. exf6 Kxf6 34. Qf4+ Kg6 (
34... Kg7 {Ftacnik} 35. Rg3 Kh8 36. Nf7+ Qxf7 37. Qh6+ Qh7 38. Qf8+) 35. Rg3
$18) 33. Rf3 Be2 (33... f5 34. exf6 Qf8 (34... Qd6 {Ftacnik} 35. Rg3 $18) 35.
f7 $18) 34. Nxf7+ Qxf7 (34... Kh7 {Ftacnik} 35. Qh5+ Kg7 36. Qh8+ Kg6 37. h5#)
35. Qg5+ (35. Qg5+ Kh7 36. Rxf7+ Rxf7 37. Qe3) (35. Rxf7 Bxg4 36. Rxc7 $18) 1-0